| 000 | 00589nam a22001937a 4500 | ||
|---|---|---|---|
| 003 | LC | ||
| 005 | 20170227145041.0 | ||
| 008 | 140428b xxu||||| |||| 00| 0 eng d | ||
| 020 | _a9780734404176 | ||
| 050 |
_aPZ 7 _b.C367 2002 |
||
| 100 | _aCatran, Ken | ||
| 245 |
_aTomorrow the dark _cKen Catran ; cover design and illustration by Steven Woolman ; text design by John van Loon. |
||
| 260 |
_aSouth Melbourne, Victoria : _bLothian, _c2002. |
||
| 300 |
_a224 p. : _c20 cm. |
||
| 650 |
_aHeroes _vJuvenile Fiction |
||
| 650 | _aAdventure stories | ||
| 942 |
_2lcc _cBK |
||
| 999 |
_c115536 _d115536 |
||